Property chiefs enjoy 370% pay rise over decade (Record no. 84336)
[ view plain ]
| 000 -LEADER | |
|---|---|
| fixed length control field | 01033cab a22002055a 4500 |
| 001 - CONTROL NUMBER | |
| control field | L157340 |
| 008 - FIXED-LENGTH DATA ELEMENTS--GENERAL INFORMATION | |
| fixed length control field | 121029e2012 xxk 000 0 eng d |
| 035 ## - SYSTEM CONTROL NUMBER | |
| System control number | (Sirsi) u157340 |
| 041 0# - LANGUAGE CODE | |
| Language code of text/sound track or separate title | eng |
| 100 1# - MAIN ENTRY--PERSONAL NAME | |
| Personal name | Whitmore, James |
| 245 00 - TITLE STATEMENT | |
| Title | Property chiefs enjoy 370% pay rise over decade |
| 260 ## - PUBLICATION, DISTRIBUTION, ETC. | |
| Date of publication, distribution, etc. | 2012 |
| 490 #0 - SERIES STATEMENT | |
| Series statement | Property Week |
| Volume/sequential designation | 78(42) 19 October 2012, 16(1) |
| 520 ## - SUMMARY, ETC. | |
| Summary, etc. | Chief executives of the eight largest listed property companies enjoyed an average of a 20% increase in their 2011 annual remuneration despite destroying the value of their companies. The recent update to the Bell-Mallen Partnership's groundbreaking February 2012 remuneration study shows that in the 12 years 2000-2011 the average remuneration for the above eight went up by 370%. Bell-Mallen contends that there is considerable scope for the review of executive reward at the major property companies. |
| 590 ## - LOCAL NOTE (RLIN) | |
| Local note | KA |
| 651 #4 - SUBJECT ADDED ENTRY--GEOGRAPHIC NAME | |
| Geographic name | United Kingdom |
| 690 ## - LOCAL SUBJECT ADDED ENTRY--TOPICAL TERM (OCLC, RLIN) | |
| Topical term or geographic name as entry element | Commercial property |
| 9 (RLIN) | 6227 |
| 690 ## - LOCAL SUBJECT ADDED ENTRY--TOPICAL TERM (OCLC, RLIN) | |
| Topical term or geographic name as entry element | Residential property |
| 9 (RLIN) | 6266 |
| 942 ## - ADDED ENTRY ELEMENTS (KOHA) | |
| Suppress in OPAC | 0 |
| Withdrawn status | Lost status | Source of classification or shelving scheme | Damaged status | Not for loan | Home library | Current library | Shelving location | Date acquired | Total Checkouts | Full call number | Barcode | Date last seen | Copy number | Price effective from | Koha item type |
|---|---|---|---|---|---|---|---|---|---|---|---|---|---|---|---|
| Dewey Decimal Classification | London | London | Journal article | 29/10/2012 | L157340 | 157340-1001 | 06/08/2019 | 1 | 06/08/2019 | Journal article |